[Event "Moscow op-E"]
[Site "Moscow"]
[Date "2011.02.04"]
[Round "7.186"]
[White "Goryachkina, Aleksandra"]
[Black "Dudysheva, Yuliya"]
[Result "1-0"]
[WhiteElo "2045"]
[BlackElo "1841"]
[PlyCount "59"]
[EventDate "2011.01.29"]
[EventType "swiss"]
[EventRounds "9"]
[EventCountry "RUS"]
[SourceTitle "EXT 2022"]
[Source "ChessBase"]
[SourceDate "2021.10.06"]
[SourceVersion "1"]
[SourceVersionDate "2021.10.06"]
[SourceQuality "1"]

1. d4 d5 2. c4 e6 3. Nf3 c5 4. cxd5 exd5 5. g3 Nc6 6. Bg2 Nf6 7. 0-0 Be7 8. Nc3 0-0 9. Bg5 c4 10. Ne5 Be6 11. Nxc6 bxc6 12. b3 Qa5 13. Qd2 Bb4 14. Bxf6 gxf6 15. Rfc1 Ba3 16. Rc2 Bf5 17. e4 Bg6 18. bxc4 dxc4 19. Qe2 Bb2 20. Rxb2 Qxc3 21. Rd1 f5 22. Rc2 Qa3 23. e5 Rab8 24. f4 c3 25. Qd3 Rb2 26. Qxc3 Qxc3 27. Rxc3 Rxa2 28. Bxc6 Rb8 29. d5 Bh5 30. Rdc1 1-0

[Event "Wch Blitz qf (Women)"]
[Site "Moscow"]
[Date "2010.09.14"]
[Round "5"]
[White "Dudysheva, Yuliya"]
[Black "Olenina, Aysa"]
[Result "0-1"]
[WhiteElo "1841"]
[BlackElo "1951"]
[PlyCount "59"]
[EventDate "2010.09.14"]
[EventType "swiss (blitz)"]
[EventRounds "11"]
[EventCountry "RUS"]
[SourceTitle "CBM 138 Extra"]
[Source "ChessBase"]
[SourceDate "2010.10.29"]
[SourceVersion "1"]
[SourceVersionDate "2010.10.29"]
[SourceQuality "1"]

1. e4 e5 2. Nf3 Nc6 3. Bb5 a6 4. Ba4 Nf6 5. 0-0 Be7 6. Re1 b5 7. Bb3 d6 8. c3 0-0 9. h3 Na5 10. Bc2 c5 11. d4 Qc7 12. Bg5 h6 13. Bh4 Be6 14. Bg3 cxd4 15. cxd4 Rfd8 16. Nc3 Rac8 17. Rc1 Nc4 18. Bb3 exd4 19. Nxd4 Nxb2 20. Qe2 Nc4 21. Nxe6 fxe6 22. Red1 Kh8 23. e5 dxe5 24. Rxd8+ Rxd8 25. Bxc4 Qxc4 26. Qxe5 Bd6 27. Qe3 Bxg3 28. Qxg3 Ne4 29. Qe3 Rc8 30. Nxe4 0-1

[Event "Wch Blitz qf (Women)"]
[Site "Moscow"]
[Date "2010.09.14"]
[Round "1"]
[White "Kharmunova, Nadezhda"]
[Black "Dudysheva, Yuliya"]
[Result "1-0"]
[WhiteElo "2121"]
[BlackElo "1841"]
[PlyCount "42"]
[EventDate "2010.09.14"]
[EventType "swiss (blitz)"]
[EventRounds "11"]
[EventCountry "RUS"]
[SourceTitle "CBM 138 Extra"]
[Source "ChessBase"]
[SourceDate "2010.10.29"]
[SourceVersion "1"]
[SourceVersionDate "2010.10.29"]
[SourceQuality "1"]

1. e4 c5 2. Nf3 d6 3. d4 cxd4 4. Nxd4 Nf6 5. Nc3 a6 6. g3 e6 7. Bg2 Be7 8. 0-0 0-0 9. Be3 Nc6 10. Nb3 Bd7 11. g4 h6 12. f4 Bc8 13. Qf3 Qc7 14. Rad1 Rb8 15. g5 hxg5 16. fxg5 Nd7 17. Qh5 Nde5 18. Rf4 Ng6 19. Rf3 e5 20. Nd5 Qd8 21. Bh3 b5 1-0

[Event "Kostroma Volga Cup op"]
[Site "Kostroma"]
[Date "2010.07.??"]
[Round "5"]
[White "Dudysheva, Yuliya"]
[Black "Mulenko, Alexander"]
[Result "1/2-1/2"]
[WhiteElo "1835"]
[BlackElo "2114"]
[PlyCount "72"]
[EventDate "2010.07.??"]
[EventType "swiss"]
[EventRounds "9"]
[EventCountry "RUS"]
[SourceTitle "EXT 2011"]
[Source "ChessBase"]
[SourceDate "2010.11.26"]
[SourceVersion "1"]
[SourceVersionDate "2010.11.26"]
[SourceQuality "1"]

1. e4 c5 2. Nf3 g6 3. d4 Bg7 4. Nc3 cxd4 5. Nxd4 Nc6 6. Be3 Nf6 7. Qd2 0-0 8. f3 d5 9. Nxc6 bxc6 10. 0-0-0 Qa5 11. e5 Nd7 12. f4 e6 13. Qe1 Rb8 14. a3 Re8 15. h4 c5 16. Bd2 Qb6 17. Na4 Qc6 18. Nc3 Qb7 19. b3 c4 20. b4 a5 21. Nb1 axb4 22. Bxb4 Bf8 23. c3 Nc5 24. h5 Ne4 25. hxg6 fxg6 26. Nd2 Bxb4 27. cxb4 Nc3 28. Nxc4 Nxd1 29. Nd6 Qc7+ 30. Kxd1 Rf8 31. Qg3 Qa7 32. Ke1 Ra8 33. Nb5 Qf7 34. Qh4 h5 35. Qg5 Qg7 36. Bd3 Ba6 1/2-1/2

[Event "Kostroma Volga Cup op"]
[Site "Kostroma"]
[Date "2010.07.??"]
[Round "6"]
[White "Makarov, Viatcheslav"]
[Black "Dudysheva, Yuliya"]
[Result "1/2-1/2"]
[WhiteElo "2082"]
[BlackElo "1835"]
[PlyCount "64"]
[EventDate "2010.07.??"]
[EventType "swiss"]
[EventRounds "9"]
[EventCountry "RUS"]
[SourceTitle "EXT 2011"]
[Source "ChessBase"]
[SourceDate "2010.11.26"]
[SourceVersion "1"]
[SourceVersionDate "2010.11.26"]
[SourceQuality "1"]

1. d4 d5 2. c4 e6 3. Nc3 c5 4. cxd5 exd5 5. Nf3 Nc6 6. Be3 c4 7. g3 Nf6 8. Bg2 Be7 9. 0-0 0-0 10. Rc1 Be6 11. Na4 Qa5 12. a3 Rfd8 13. Qc2 Ne4 14. Nd2 Nxd4 15. Bxd4 Qxd2 16. Bxe4 Qxd4 17. Bxh7+ Kh8 18. Bf5 Qf6 19. Bxe6 Qxe6 20. Rfd1 Rac8 21. e3 Bg5 22. Nc3 d4 23. exd4 Bxc1 24. Qxc1 a6 25. d5 Qf5 26. Rd4 b5 27. Rf4 Qg6 28. Qf1 Kg8 29. Qh3 Rf8 30. Rh4 f5 31. Rh8+ Kf7 32. Rh5 Kg8 1/2-1/2

[Event "Moscow op-B"]
[Site "Moscow"]
[Date "2010.02.07"]
[Round "9.103"]
[White "Dudysheva, Yuliya"]
[Black "Talipov, Nafis"]
[Result "0-1"]
[WhiteElo "1796"]
[BlackElo "2051"]
[PlyCount "92"]
[EventDate "2010.01.30"]
[EventType "swiss"]
[EventRounds "9"]
[EventCountry "RUS"]
[SourceTitle "EXT 2023"]
[Source "ChessBase"]
[SourceDate "2022.10.05"]
[SourceVersion "1"]
[SourceVersionDate "2022.10.05"]
[SourceQuality "1"]

1. d4 Nf6 2. c4 c5 3. d5 e5 4. Nc3 d6 5. e4 Be7 6. Bd3 0-0 7. Nge2 Ne8 8. 0-0 Bg5 9. f4 exf4 10. Bxf4 Bxf4 11. Nxf4 Nd7 12. Bc2 Ne5 13. b3 g6 14. Nd3 Qe7 15. Nxe5 Qxe5 16. Qd3 Ng7 17. Rae1 Bd7 18. Kh1 Rae8 19. Qd2 Re7 20. Ne2 Rfe8 21. Ng3 h5 22. Ne2 a6 23. Nf4 Qg5 24. Qf2 h4 25. h3 f5 26. Qf3 Qh6 27. Re3 g5 28. Ne2 f4 29. Rc3 Nh5 30. Kg1 Nf6 31. Re3 Kg7 32. e5 Rxe5 33. Rxe5 Rxe5 34. Nc1 Re3 35. Qd1 g4 36. Nd3 gxh3 37. Nxf4 hxg2 38. Nxg2 Qg5 39. Kh1 Rh3+ 40. Kg1 Rg3 41. Qe2 h3 42. Qe7+ Kg8 43. Bh7+ Nxh7 44. Qf7+ Kh8 45. Qxd7 Rxg2+ 46. Kh1 Rh2+ 0-1

[Event "RUS-chT Clubs U18"]
[Site "Rybinsk"]
[Date "2009.08.09"]
[Round "8"]
[White "Dolbnia, Dmitry"]
[Black "Dudysheva, Yuliya"]
[Result "1-0"]
[WhiteElo "2053"]
[BlackElo "1757"]
[PlyCount "47"]
[EventDate "2009.08.02"]
[EventType "team-swiss"]
[EventRounds "9"]
[EventCountry "RUS"]
[SourceTitle "CBM 131 Extra"]
[Source "ChessBase"]
[SourceDate "2009.09.03"]
[SourceVersion "2"]
[SourceVersionDate "2009.09.16"]
[SourceQuality "1"]

1. e4 c5 2. Nf3 d6 3. d4 cxd4 4. Nxd4 Nf6 5. Nc3 a6 6. Bg5 e6 7. f4 Be7 8. Qf3 Qc7 9. 0-0-0 Nc6 10. g4 0-0 11. h4 Nxd4 12. Rxd4 b5 13. f5 Rb8 14. a3 Bd7 15. Be3 a5 16. g5 b4 17. axb4 axb4 18. Nb1 Rfc8 19. Rc4 Qa5 20. gxf6 Bxf6 21. Bg5 Rxc4 22. Bxc4 Bd4 23. fxe6 fxe6 24. Rf1 1-0

[Event "RUS-chB U14"]
[Site "Dagomys"]
[Date "2009.04.15"]
[Round "1"]
[White "Dudysheva, Yuliya"]
[Black "Ezberov, Amir"]
[Result "1/2-1/2"]
[WhiteElo "1757"]
[BlackElo "1966"]
[PlyCount "81"]
[EventDate "2009.04.15"]
[EventType "swiss"]
[EventRounds "9"]
[EventCountry "RUS"]
[SourceTitle "EXT 2012"]
[Source "ChessBase"]
[SourceDate "2011.11.24"]
[SourceVersion "1"]
[SourceVersionDate "2011.11.24"]
[SourceQuality "1"]

1. e4 c5 2. Nf3 Nc6 3. d4 cxd4 4. Nxd4 g6 5. Nc3 Bg7 6. Be3 Nf6 7. Bc4 0-0 8. Bb3 a5 9. f3 d6 10. Qd2 Bd7 11. 0-0-0 a4 12. Bxa4 Nxd4 13. Bxd7 Nxc2 14. Kxc2 Nxd7 15. Bd4 Qa5 16. Bxg7 Kxg7 17. Qd4+ Kg8 18. Nd5 Rfc8+ 19. Kd3 Ne5+ 20. Ke3 Nc6 21. Qb6 e6 22. Qxa5 Rxa5 23. Nc3 Ne5 24. Ke2 Nc4 25. b3 Ne5 26. Rc1 b5 27. Rhd1 b4 28. Na4 Rxc1 29. Rxc1 Kf8 30. Rc2 Nd7 31. Ke3 Ke7 32. Kd4 Nc5 33. Nb6 Ra6 34. Nc4 f5 35. e5 d5 36. Nd6 Nd7 37. f4 h6 38. h4 Ra5 39. Nb7 Ra7 40. Nd6 Ra6 41. g3 1/2-1/2

[Event "Moscow op-B"]
[Site "Moscow"]
[Date "2009.02.06"]
[Round "7"]
[White "Dudysheva, Yuliya"]
[Black "Buzukashvili, Sofia"]
[Result "0-1"]
[WhiteElo "1400"]
[BlackElo "1954"]
[PlyCount "50"]
[EventDate "2009.01.31"]
[EventType "swiss"]
[EventRounds "9"]
[EventCountry "RUS"]
[SourceTitle "EXT 2012"]
[Source "ChessBase"]
[SourceDate "2011.11.24"]
[SourceVersion "1"]
[SourceVersionDate "2011.11.24"]
[SourceQuality "1"]

1. e4 c5 2. Nf3 d6 3. d4 cxd4 4. Nxd4 Nf6 5. Nc3 e6 6. Be3 Be7 7. f3 a6 8. g4 Qc7 9. h4 Nc6 10. Qd2 b5 11. 0-0-0 Ne5 12. g5 Nfd7 13. Rg1 Nb6 14. h5 Nbc4 15. Qf2 Nxe3 16. Qxe3 g6 17. f4 Nc4 18. Qe2 Bd7 19. f5 Rc8 20. fxe6 fxe6 21. Bh3 Nxb2 22. Ncxb5 axb5 23. Nxe6 Qc3 24. Ng7+ Kd8 25. Bxd7 Nc4 0-1

[Event "Moscow op-B"]
[Site "Moscow"]
[Date "2009.02.01"]
[Round "2"]
[White "Klimovets, Kirill"]
[Black "Dudysheva, Yuliya"]
[Result "1-0"]
[WhiteElo "2183"]
[BlackElo "1400"]
[PlyCount "77"]
[EventDate "2009.01.31"]
[EventType "swiss"]
[EventRounds "9"]
[EventCountry "RUS"]
[SourceTitle "EXT 2012"]
[Source "ChessBase"]
[SourceDate "2011.11.24"]
[SourceVersion "1"]
[SourceVersionDate "2011.11.24"]
[SourceQuality "1"]

1. e4 c5 2. Nf3 d6 3. Bb5+ Nd7 4. c3 a6 5. Ba4 b5 6. Bc2 Ngf6 7. 0-0 Bb7 8. Re1 e6 9. d4 Rc8 10. Bg5 Qc7 11. Nbd2 cxd4 12. Nxd4 b4 13. c4 Be7 14. a3 Ne5 15. Ba4+ Kf8 16. Qe2 Qb6 17. Be3 Qa5 18. Bc2 h6 19. h3 Qc7 20. f4 Nxc4 21. Nxc4 Qxc4 22. Bd3 Qc7 23. Rec1 Qd7 24. Bxa6 Nxe4 25. axb4 g6 26. Bxb7 Qxb7 27. Rxc8+ Qxc8 28. b5 Qb7 29. Nc6 Bf6 30. Ra7 Qc8 31. Qc4 d5 32. Qa4 Kg7 33. b6 Nd6 34. Bd4 Bxd4+ 35. Qxd4+ Kh7 36. Qc5 Rd8 37. Rc7 Qa8 38. Nxd8 Qa1+ 39. Kh2 1-0